Opciones distintas y eficaces

Control de Polilla de la Manzana (CYDIA POMONELLA) con alternativas biológicas.

में बचाया:
ग्रंथसूची विवरण
अन्य लेखक: Buzzetti M., Karina (coautor), Salas M., Alejandro (coautor), Ríos N., Juan Carlos (coautor), Homer B., Ian (coautor)
स्वरूप: पुस्तक
भाषा:स्पेनिश
टैग: टैग जोड़ें
कोई टैग नहीं, इस रिकॉर्ड को टैग करने वाले पहले व्यक्ति बनें!

MARC

LEADER 00000nam a22000005a 4500
003 CL-ChUAC
005 20220727153430.0
007 ta
008 220727s2022 cl ||||| |||| 000 ||spa
040 |a CL-ChUAC  |b spa  |c CL-ChUAC  |e rda 
245 1 0 |a Opciones distintas y eficaces   |c Karina Buzzetti M. ; Alejandro Salas M. ; Juan carlos Ríos N. ; Ian Homer B. 
336 |2 rdacontent  |a text  |b txt 
337 |2 rdamedia  |a unmediated  |b n 
338 |2 rdacarrier  |a volume  |b nc 
520 3 |a Control de Polilla de la Manzana (CYDIA POMONELLA) con alternativas biológicas.  
700 1 |a Buzzetti M., Karina  |e coautor 
700 1 |a Salas M., Alejandro  |e coautor 
700 1 |a Ríos N., Juan Carlos  |e coautor 
700 1 |a Homer B., Ian  |e coautor 
773 0 |d Santiago de Chile   |g Año 14, Número 148, Abril 2022, páginas 64-67  |t Mundoagro 
942 |2 ddc  |c AREV 
952 |0 0  |1 0  |2 ddc  |4 0  |6 MUNDOAGRO__AÑO_14_NÚMERO_148_ABRIL_2022_000000000000000  |7 0  |9 1172485  |a UNACH  |b UNACH  |c HEM  |d 2022-07-27  |l 0  |o Mundoagro, Año 14, Número 148, Abril 2022  |p 108618  |r 2022-07-27 00:00:00  |w 2022-07-27  |y AREV 
999 |c 2367696  |d 2367696